| 000 | 00432pab a2200181 454500 | ||
|---|---|---|---|
| 008 | 180718b2012 xxu||||| |||| 00| 0 eng d | ||
| 100 | _aNanda, Gourang Charan | ||
| 245 | _aAccountability of college teachers | ||
| 260 | _c2012 | ||
| 300 | _ap.1-4,11. | ||
| 362 | _a9 Apr | ||
| 650 | _aAccountability | ||
| 650 | _aTeachers | ||
| 700 | _aMishra, Pradipta Kumar | ||
| 773 | _aUniversity News | ||
| 908 | _aN | ||
| 909 | _a96389 | ||
| 999 |
_c96389 _d96389 |
||